Norwich City Squad 2009–10 League One Season - Statistics

General Stats
  • This quiz has been taken 7 times
  • The average score is 19 of 34
Answer Stats
Answer % Correct
Chris Martin
100%
Cody McDonald
100%
Fraser Forster
100%
Grant Holt
100%
Russell Martin
100%
Wes Hoolahan
100%
Adam Drury
75%
Bryan Gunn
75%
Jon Otsemobor
75%
Michael Nelson
75%
Michael Theoklitos
75%
Paul Lambert
75%
Simon Lappin
75%
Ben Alnwick
50%
Darel Russell
50%
Declan Rudd
50%
Gary Doherty
50%
Jens Berthel Askou
50%
Korey Smith
50%
Matt Gill
50%
Oli Johnson
50%
Owain Tudur Jones
50%
Paul McVeigh
50%
Tom Adeyemi
50%
Anthony McNamee
25%
George Francomb
25%
Jamie Cureton
25%
Luke Daley
25%
Michael Rose
25%
Michael Spillane
25%
Simon Whaley
25%
Stephen Elliott
25%
Stephen Hughes
25%
Zak Whitbread
25%
No matching quizzes found
Score Distribution
Percent of People with Each Score
Percentile by Number Answered
Your Score History
You have not taken this quiz